000
00249nam a2200097Ia 4500
001
871041
005
20250826181211.0
008
250824s9999 xx 000 0 und d
245
0
_a
SİSLER ÜLKESİ
_c
SİR ARTHUR CONAN DOYLE
260
_b
KYRHOS YAYINLARI
999
_c
871041
_d
871041